| 000 | 00961nam a2200241 i 4500 | ||
|---|---|---|---|
| 001 | 160165 | ||
| 003 | ES-MaACL | ||
| 005 | 20230906211944.0 | ||
| 008 | 020927s1849 fr |||| | fre d | ||
| 100 | 1 |
_aMoreau-Christophe, Louis-Mathurin. _9130158 |
|
| 245 | 1 | 0 |
_aDu droit a l'oisiveté et de l'organisation du travail servile dans les républiques grecques et romaines / _cpar L.-M. Moreau-Christophe. |
| 260 |
_aParis : _bchez Guillaumin et Cie., _c1849 ( _eBatignolles : _fImp. de Hennuyer et C.) |
||
| 300 |
_a336 p. ; _c23 cm. |
||
| 530 | _aDisponible en formato digital. | ||
| 650 | 4 |
_aOcio- _zGrecia. _9167528 |
|
| 650 | 4 |
_aOcio- _zRoma. _9167529 |
|
| 650 | 4 |
_aEsclavitud- _zGrecia. _9167530 |
|
| 650 | 4 |
_aEsclavitud- _zRoma. _9139191 |
|
| 752 |
_aFrancia - _dParís |
||
| 752 |
_aFrancia - _dBatignolles |
||
| 852 |
_aES-MaACL _jC-2667 _z- Enc. hol. |
||
| 856 |
_uhttp://bdh-rd.bne.es/viewer.vm?id=0000120674&page=1 _zBiblioteca Digital Hispánica |
||
| 999 |
_c160165 _d160165 |
||